| 000 | 01014nam a22002057a 4500 | ||
|---|---|---|---|
| 999 |
_c12180 _d12180 |
||
| 003 | AR-CdUCM | ||
| 008 | 190408b ||||| |||| 00| 0 spa d | ||
| 040 |
_aMUNICIPALIDAD PROVINCIAL DEL CUSCO _cBIBLIOTECA MUNICIPAL DEL CUSCO |
||
| 082 |
_a234.166 / _bM22 / 1858 |
||
| 100 |
_aJaén, Manuel de _929902 |
||
| 245 | _aInstrucción utilísima y fácil para confesar, particular y generalmente para prepararse y recibir la sagrada comunión / | ||
| 260 |
_aParís : _bLibr. de Rosa, _c1858. |
||
| 300 |
_a428 páginas ; _c15.5 cm. |
||
| 505 | _aContenidos: t.1 y t.2. Explicase la primera parte, que es confesión de boca y se ponen muchos ejemplares en que se falta -- De otro modos de ocultar das culpas -- De lo mucho que alienta para desahogarse el secreto de la confesión -- De otros males inútiles y superfluos de acusarse advertencias ... | ||
| 650 |
_aConfesión _94112 |
||
| 650 |
_aComunión _929903 |
||
| 650 |
_aDevocionarios y devociones _929904 |
||
| 942 |
_2ddc _cLIBROS |
||
| 945 |
_aacv _d08/04/2019 |
||